| 000 | 00809cam a2200217 4500 | ||
|---|---|---|---|
| 001 | WB3616-66 | ||
| 008 | 000000n2000 000 0 eng u | ||
| 035 | _a(Sirsi) u105463 | ||
| 245 | _aNew strategy to tackle social exclusion | ||
| 260 | _c2000 | ||
| 490 |
_aPlanning (for the Natural and Built Environment) _v14 April 2000, 7(1) |
||
| 520 | _aDiscusses the new DETR 10-20 year national strategy to overcome the problems affecting the UK's poorest neighbourhoods, based on the Social Exclusion Unit's recent report "National Strategy for Neighbourhood Renewal". http://www.planning.haynet.com | ||
| 590 | _aWB | ||
| 650 | _aDETR | ||
| 650 | _aCOMMUNITY PLANNING | ||
| 650 | _aPOVERTY | ||
| 650 | _aSOCIAL DEPRIVATION | ||
| 650 | _aREGENERATION SCHEMES | ||
| 690 | _aREGENERATION | ||
| 942 | _n0 | ||
| 999 |
_c63191 _d63191 |
||